[Event "29th ECC Women 2025"]
[Site "Rhodes GRE"]
[Date "2025.10.25"]
[Round "7.28"]
[White "Agarwal, Amaya"]
[Black "Kaka, Rengina Tsampika"]
[Result "1-0"]
[WhiteTitle "WCM"]
[WhiteElo "1818"]
[BlackElo "1508"]
[WhiteTeam "SK Zmaj"]
[BlackTeam "Ippotis Rhodes chess club"]
[WhiteFideId "48733580"]
[BlackFideId "42153794"]
[EventDate "2025.10.19"]

1. e4 d5 2. exd5 Qxd5 3. Nc3 Qa5 4. Bc4 Nf6 5. d3 c6 6. Bd2 Bf5 7. Qe2 e6 8. Nd5
Qd8 9. Nxf6+ Qxf6 10. g4 Bg6 11. O-O-O a5 12. Bc3 Qg5+ 13. Bd2 Qd8 14. h4 h5 15.
Bxe6 Qe7 16. Bc8 Qxe2 17. Nxe2 b5 18. Be3 c5 19. Nf4 hxg4 20. h5 Bh7 21. d4 cxd4
22. Bxd4 Nd7 23. Bxd7+ Kd8 24. Bb6+ Ke7 25. Rhe1+ Kf6 26. Nd5+ Kg5 27. Re5+ Kh6
28. Be3+ g5 29. Rxg5 Bb4 30. Rg8+ Kxh5 31. Rh1# 1-0